| 000 | 00570nam a2200181Ia 4500 | ||
|---|---|---|---|
| 003 | GCL | ||
| 008 | 140319s9999 xx 000 0 ara d | ||
| 040 |
_aGCL / _cGCL |
||
| 082 | 0 | 4 |
_a615.537 _bو ش |
| 100 | 1 | _aوديع جبر | |
| 245 | 1 | 0 |
_aالشفاء فى النبات: كل مرض ووصفات علاجة النباتات ومقادرها الصحية / _cوديع جبر |
| 260 |
_a[S.N] : _bدار الجيل |
||
| 300 | _a291 ص | ||
| 490 | _a | ||
| 650 | 0 | 4 | _aالنباتات الطبية |
| 650 | 0 | 4 | _aالعقاقير النباتية |
| 942 |
_2ddc _cBK |
||
| 999 |
_c53972 _d53972 |
||